Del siglo de oro a este siglo de siglas: notas y artículos a través de 350 años de letras españolas
Uloženo v:
| Hlavní autor: | |
|---|---|
| Médium: | Kniha |
| Jazyk: | španělština |
| Vydáno: |
Madrid
Gredos
1962
|
| Témata: | |
| Tagy: |
Přidat tag
Žádné tagy, Buďte první, kdo vytvoří štítek k tomuto záznamu!
|
MARC
| LEADER | 00000nam a2200000 a 4500 | ||
|---|---|---|---|
| 001 | UCT6823 | ||
| 003 | CL-VaPUC | ||
| 008 | 970113e19620000SP |||||||||||||||||spa|d | ||
| 082 | 0 | 4 | |a 860.9 |b ALO |2 21 |
| 100 | |a Alonso, Dámaso |e author |9 346623 | ||
| 245 | 1 | 0 | |a Del siglo de oro a este siglo de siglas: notas y artículos a través de 350 años de letras españolas |
| 300 | |a 295 p | ||
| 942 | |c BK | ||
| 945 | |d 19970113 00:00:00 |a nastorga | ||
| 260 | |a Madrid |b Gredos |c 1962 | ||
| 600 | 0 | 7 | |a CARRILLO, LUIS |2 CL-VaPUC |9 377058 |
| 600 | 0 | 7 | |a BECQUER, GUSTAVO ADOLFO |2 CL-VaPUC |9 317836 |
| 600 | 0 | 7 | |a SALINAS, PEDRO |2 CL-VaPUC |9 346622 |
| 650 | 0 | |a Literatura española |9 306261 | |
| 650 | 0 | |a Historia y crítica |9 257407 | |
| 650 | 7 | |a LIRICA |2 CL-VaPUC |9 317554 | |
| 650 | 0 | |a Cultura |9 269059 | |
| 650 | 0 | |a Estilos literarios |9 310538 | |
| 650 | 0 | |a Tragedia |9 345955 | |
| 650 | 0 | |a Oratoria |9 307605 | |
| 650 | 0 | |a Poesía |9 265825 | |
| 650 | 0 | |a Biografías |9 255210 | |
| 583 | |a last modification |c 19970113 00:00:00 |k Rodrigo Vera | ||
| 999 | |c 255493 |d 255491 | ||
| 952 | |0 0 |1 0 |4 0 |6 860_900000000000000_ALO_1962 |7 0 |8 A |9 277740 |a BIBEDU |b BIBEDU |d 2019-11-19 |i 3270025 |o 860.9 ALO 1962 |p 3270025 |r 2019-11-19 |w 2019-11-19 |y BK |k LIT | ||